| 000 | 00520cam a22002054a 4500 | ||
|---|---|---|---|
| 005 | 20250605164301.0 | ||
| 008 | 250528s ||||||||||||||||||||||||d | ||
| 035 | _a22065 | ||
| 020 | _a9780761957997 | ||
| 040 |
_aGR-AtMCL _bgre _dGR-AtMCL _eAACR2 |
||
| 245 | 1 | _aINTEGRATIVE AND ECLECTIC COUNSELLING AND PSYCHOTHERAPY | |
| 250 | _a1 | ||
| 260 |
_bSage Publications, _c2000 |
||
| 300 | _a352 | ||
| 700 | 1 |
_aPalmer Stephen _95450 |
|
| 700 | 1 |
_aWoolfe Ray _950 |
|
| 942 | _cBK | ||
| 999 |
_c7121 _d7121 |
||